Inovačná stratégia SR na roky 2014-2020 bakalárska práca

Guardado en:
Detalles Bibliográficos
Autor principal: Knotek, Martin
Autor Corporativo: Obchodná fakulta EU. Katedra medzinárodného obchodu
Otros Autores: Sopková, Gabriela
Formato: Libro
Lenguaje:eslovaco
Publicado: Bratislava 2017
Etiquetas: Agregar Etiqueta
Sin Etiquetas, Sea el primero en etiquetar este registro!

MARC

LEADER 00000nbm a2200000 4500
001 0232670
005 20170818100721.7
041 0 |a slo 
044 |a SK 
245 1 0 |a Inovačná stratégia SR na roky 2014-2020  |b bakalárska práca  |c Martin Knotek ; školiteľ: Gabriela Sopková 
264 1 |a Bratislava  |c 2017 
300 |a 62 s. 
100 1 |a Knotek, Martin 
700 1 |a Sopková, Gabriela 
710 2 |a Obchodná fakulta EU. Katedra medzinárodného obchodu